000 01873cam a22004454i 4500
003 PE-LiUPU
005 20250731165414.0
008 151124s2007 pe grm 000 0 spa d
035 _a(Sirsi) a155247
040 _aPE-LiUPU
_bspa
_cPE-LiUPU
_erda
099 _aSP 3 B23 2007
100 1 _aBarrera Sánchez, Lina Fernanda
_eautor
245 1 _aEficacia del programa 'Akaya Sasa' para modificación de conocimientos, actitudes y prácticas en nutrición de padres de niños entre 1 y 10 años de la vereda La Colorada, Tunja, Boyaca, Colombia /
_cLina Fernanda Barrera Sánchez.
264 0 _c2007.
300 _a104 hojas
_c30 cm
336 _atext
_2rdacontent
337 _aunmediated
_2rdamedia
338 _avolume
_2rdacarrier
502 _aTesis
_b(Mg.) --
_cUniversidad Peruana Unión,
_d2007.
504 _aIncluye referencias
520 3 _aEl estado nutricional es el resultante de la interacción de elementos de carácter social, económico, político, geográfico y cultural, la malnutrición tiene su origen en un desequilibrio de alguno o casi todos esos factores. Este proyecto tuvo como fin evaluar la eficacia del programa educacional en el cambio de conocimientos, actitudes y prácticas de padres de niños de 1 a 10 años que fortaleciera el estado nutricional de estos.
526 _aSEG44
526 _aSEG26
526 _aP151
526 _aP150
526 _aP149
526 _aP146
526 _aP145
526 _aP126
526 _aP125
526 _aP92
526 _aP75
526 _aP74
526 _aP27
526 _aP15
650 0 4 _aNutrición
_xNiños
_xVereda la colorada, (Boyacá, Colombia)
596 _a1
942 _2ddc
_cTESIS
999 _aSP 3 B23 2007
_wALPHANUM
_c7930
_iT01019
_lCCODEBUL3
_mBUL
_r1
_sY
_tTESIS
_u2015-11-24
_xPOSGRADO
_PP82
_o.STAFF. Tesis
_d7930
980 _81
_gALBERTO SANCHEZ Responsable de Automatización